00779 2200277 4500001002100000005001700021008004100038020002200079035002500101040001200126082001700138090001900155100000900174245009100183250001100274260003600285300002900321650002000350700002300370700001900393700002300412850001200435990001800447990001800465990001800483INLIS00000000000470820150625103101.0  a978-602-1383-01-8 a0010-041500000001774 aYOPDYOG 223a899.2213 b899.2213 Set K aSETO aKakak batikc/ Seto; Editor, Sintha Rossemalina, Ade Kumalasari dan Dila Maretihaqsari aCet. 1 aYogyakartabBentang Beliac2014 avi, 274 hlm.c; 20,8 cm. aFiksi Indonesia aSINTHA Rossemalina aADE Kumalasari aDILA Maretihaqsari aYOPDYOG a12084-PD/B.15 a12085-PD/B.15 a12086-PD/B.15